00453nam a2200145Ia 4500008004100000041000800041082001200049100002200061245001900083250001400102260003900116300003200155999001700187952010300204240624s9999 xx 000 0 und d aeng a339 BLA aBLANCHARD OLIVIER aMACROECONOMICS a(4th ed.) c2011aNew DelhibPearson Education axxiv, : 587 : p. : cm. ; 25 c20588d20588 00104070aIMTNbIMTNcRack 14-Ad2012-12-07o339 BLAp20588r2024-06-24 00:00:00w2024-06-24yBK